<?xml version="1.0" encoding="UTF-8"?>
<record
    xmlns:xsi="http://www.w3.org/2001/XMLSchema-instance"
    xsi:schemaLocation="http://www.loc.gov/MARC21/slim http://www.loc.gov/standards/marcxml/schema/MARC21slim.xsd"
    xmlns="http://www.loc.gov/MARC21/slim">

  <leader>01409nam0a22003251  4500</leader>
  <controlfield tag="001">RU\NLR\INFOCOMM_41\5000244369</controlfield>
  <controlfield tag="005">20250613090126.0</controlfield>
  <datafield tag="035" ind1=" " ind2=" ">
    <subfield code="a">(NLR Aleph) 009053511</subfield>
  </datafield>
  <datafield tag="090" ind1=" " ind2=" ">
    <subfield code="a">7818596</subfield>
    <subfield code="c">7818596</subfield>
  </datafield>
  <datafield tag="100" ind1=" " ind2=" ">
    <subfield code="a">20080919d1983    |||y0rusy50      ca</subfield>
  </datafield>
  <datafield tag="101" ind1="0" ind2=" ">
    <subfield code="a">ger</subfield>
    <subfield code="c">rus</subfield>
  </datafield>
  <datafield tag="102" ind1=" " ind2=" ">
    <subfield code="a">RU</subfield>
    <subfield code="a">DE</subfield>
  </datafield>
  <datafield tag="105" ind1=" " ind2=" ">
    <subfield code="a">a   z   000zy</subfield>
  </datafield>
  <datafield tag="200" ind1="1" ind2=" ">
    <subfield code="a">Fl&#xFC;gel f&#xFC;r Ikarus</subfield>
    <subfield code="e">&#xFC;ber die mod. Technik des Erfindens</subfield>
    <subfield code="f">G. Altschuller, A. Seljuzki</subfield>
    <subfield code="g">[aus dem Russ. von Leo Korniljew]</subfield>
  </datafield>
  <datafield tag="210" ind1=" " ind2=" ">
    <subfield code="a">&#x39C;.</subfield>
    <subfield code="a">Leipzig</subfield>
    <subfield code="c">Mir</subfield>
    <subfield code="c">Urania-Verl.</subfield>
    <subfield code="d">1983</subfield>
  </datafield>
  <datafield tag="215" ind1=" " ind2=" ">
    <subfield code="a">292 &#x441;.</subfield>
    <subfield code="c">&#x438;&#x43B;.</subfield>
    <subfield code="d">20 &#x441;&#x43C;</subfield>
  </datafield>
  <datafield tag="300" ind1=" " ind2=" ">
    <subfield code="a">&#x412; &#x432;&#x44B;&#x43F;. &#x434;&#x430;&#x43D;.: &#x41A;&#x440;&#x44B;&#x43B;&#x44C;&#x44F; &#x434;&#x43B;&#x44F; &#x418;&#x43A;&#x430;&#x440;&#x430;: &#x43A;&#x430;&#x43A; &#x440;&#x435;&#x448;&#x430;&#x442;&#x44C; &#x438;&#x437;&#x43E;&#x431;&#x440;&#x435;&#x442;&#x430;&#x442;&#x435;&#x43B;&#x44C;&#x441;&#x43A;&#x438;&#x435; &#x437;&#x430;&#x434;&#x430;&#x447;&#x438; / &#x413;&#x435;&#x43D;&#x440;&#x438;&#x445; &#x421;&#x430;&#x443;&#x43B;&#x43E;&#x432;&#x438;&#x447; &#x410;&#x43B;&#x44C;&#x442;&#x448;&#x443;&#x43B;&#x435;&#x440;, &#x410;&#x43B;&#x435;&#x43A;&#x441;&#x430;&#x43D;&#x434;&#x440; &#x411;&#x43E;&#x440;&#x438;&#x441;&#x43E;&#x432;&#x438;&#x447; &#x421;&#x435;&#x43B;&#x44E;&#x446;&#x43A;&#x438;&#x439;</subfield>
  </datafield>
  <datafield tag="517" ind1="1" ind2=" ">
    <subfield code="a">&#x41A;&#x440;&#x44B;&#x43B;&#x44C;&#x44F; &#x434;&#x43B;&#x44F; &#x418;&#x43A;&#x430;&#x440;&#x430;: &#x43A;&#x430;&#x43A; &#x440;&#x435;&#x448;&#x430;&#x442;&#x44C; &#x438;&#x437;&#x43E;&#x431;&#x440;&#x435;&#x442;&#x430;&#x442;&#x435;&#x43B;&#x44C;&#x441;&#x43A;&#x438;&#x435; &#x437;&#x430;&#x434;&#x430;&#x447;&#x438;</subfield>
  </datafield>
  <datafield tag="606" ind1=" " ind2=" ">
    <subfield code="a">&#x418;&#x437;&#x43E;&#x431;&#x440;&#x435;&#x442;&#x430;&#x442;&#x435;&#x43B;&#x44C;&#x441;&#x442;&#x432;&#x43E; &#x438; &#x440;&#x430;&#x446;&#x438;&#x43E;&#x43D;&#x430;&#x43B;&#x438;&#x437;&#x430;&#x446;&#x438;&#x44F;</subfield>
    <subfield code="x">&#x417;&#x430;&#x434;&#x430;&#x447;&#x438;</subfield>
    <subfield code="2">nlr_sh1</subfield>
  </datafield>
  <datafield tag="686" ind1=" " ind2=" ">
    <subfield code="a">&#x416;&#x443;(2)4</subfield>
    <subfield code="2">rubbk</subfield>
  </datafield>
  <datafield tag="700" ind1=" " ind2="1">
    <subfield code="6">z02790</subfield>
    <subfield code="a">Al't&#x161;uller</subfield>
    <subfield code="b">G. S.</subfield>
    <subfield code="g">Genrich Saulovi&#x10D;</subfield>
    <subfield code="4">070</subfield>
  </datafield>
  <datafield tag="701" ind1=" " ind2="1">
    <subfield code="6">z03790</subfield>
    <subfield code="a">Seljuckij</subfield>
    <subfield code="b">A. B.</subfield>
    <subfield code="g">Aleksandr Borisovi&#x10D;</subfield>
    <subfield code="4">070</subfield>
  </datafield>
  <datafield tag="790" ind1=" " ind2="1">
    <subfield code="6">z02700</subfield>
    <subfield code="a">Altschuller</subfield>
    <subfield code="b">G.</subfield>
    <subfield code="4">070</subfield>
  </datafield>
  <datafield tag="790" ind1=" " ind2="1">
    <subfield code="6">z03701</subfield>
    <subfield code="a">Seljuzki</subfield>
    <subfield code="b">A.</subfield>
    <subfield code="4">070</subfield>
  </datafield>
  <datafield tag="801" ind1=" " ind2="1">
    <subfield code="a">RU</subfield>
    <subfield code="b">NLR</subfield>
    <subfield code="c">20080919</subfield>
  </datafield>
  <datafield tag="801" ind1=" " ind2="0">
    <subfield code="a">RU</subfield>
    <subfield code="b">NLR</subfield>
    <subfield code="g">PSBO</subfield>
  </datafield>
  <datafield tag="852" ind1=" " ind2=" ">
    <subfield code="a">NLR</subfield>
    <subfield code="j">&#x422;11 &#x414;-3/186</subfield>
  </datafield>
  <datafield tag="942" ind1=" " ind2=" ">
    <subfield code="c">BOOK</subfield>
  </datafield>
  <datafield tag="980" ind1=" " ind2=" ">
    <subfield code="a">NB</subfield>
  </datafield>
  <datafield tag="995" ind1=" " ind2=" ">
    <subfield code="5">2013-10-26</subfield>
    <subfield code="b">NLR01</subfield>
    <subfield code="c">NLR01</subfield>
    <subfield code="e">IF</subfield>
    <subfield code="f">9053511-10</subfield>
    <subfield code="k">&#x422;11 &#x414;-3/186</subfield>
    <subfield code="o">0</subfield>
    <subfield code="r">BOOK</subfield>
    <subfield code="s">11_3186</subfield>
  </datafield>
</record>
